Global Structural Analysis of Buildings / (Record no. 13608)
[ view plain ]
| 000 -LEADER | |
|---|---|
| fixed length control field | 01076cam a22002774a 4500 |
| 001 - CONTROL NUMBER | |
| control field | 11925402 |
| 005 - DATE AND TIME OF LATEST TRANSACTION | |
| control field | 20130317140941.0 |
| 008 - FIXED-LENGTH DATA ELEMENTS--GENERAL INFORMATION | |
| fixed length control field | 000229s2000 enka |rb 001 0 eng |
| 010 ## - LIBRARY OF CONGRESS CONTROL NUMBER | |
| LC control number | 00026451 |
| 020 ## - INTERNATIONAL STANDARD BOOK NUMBER | |
| International Standard Book Number | 9780415234832 |
| 040 ## - CATALOGING SOURCE | |
| Original cataloging agency | DLC |
| Transcribing agency | DLC |
| Modifying agency | DLC |
| 042 ## - AUTHENTICATION CODE | |
| Authentication code | pcc |
| 050 00 - LIBRARY OF CONGRESS CALL NUMBER | |
| Classification number | TA645 |
| Item number | .Z35 2000 |
| 082 00 - DEWEY DECIMAL CLASSIFICATION NUMBER | |
| Classification number | 690.21 |
| Edition number | 22 |
| Item number | ZAL |
| 100 1# - MAIN ENTRY--PERSONAL NAME | |
| Personal name | Zalka, K. A. |
| 9 (RLIN) | 12356 |
| 245 10 - TITLE STATEMENT | |
| Title | Global Structural Analysis of Buildings / |
| Remainder of title | Karoly A. Zalka. |
| 260 ## - PUBLICATION, DISTRIBUTION, ETC. (IMPRINT) | |
| Place of publication, distribution, etc | London ; |
| -- | New York : |
| Name of publisher, distributor, etc | Taylor & Francis, 2000 |
| Date of publication, distribution, etc | c2000. |
| 300 ## - PHYSICAL DESCRIPTION | |
| Extent | xviii, 341 p. : |
| Other physical details | ill. |
| Dimensions | 24 cm. |
| 504 ## - BIBLIOGRAPHY, ETC. NOTE | |
| Bibliography, etc | Includes bibliographical references (p.315-324) and index. |
| 650 #0 - SUBJECT ADDED ENTRY--TOPICAL TERM | |
| Topical term or geographic name as entry element | Structural analysis (Engineering) |
| 9 (RLIN) | 12357 |
| 650 #0 - SUBJECT ADDED ENTRY--TOPICAL TERM | |
| Topical term or geographic name as entry element | Global analysis (Mathematics) |
| 9 (RLIN) | 12358 |
| 653 ## - INDEX TERM--UNCONTROLLED | |
| Resource For college | |
| Arrived date list | March2013 |
| 856 42 - ELECTRONIC LOCATION AND ACCESS | |
| Materials specified | Publisher description |
| Uniform Resource Identifier | <a href="http://www.loc.gov/catdir/enhancements/fy0650/00026451-d.html">http://www.loc.gov/catdir/enhancements/fy0650/00026451-d.html</a> |
| 942 ## - ADDED ENTRY ELEMENTS (KOHA) | |
| Source of classification or shelving scheme | Dewey Decimal Classification |
| Item type | NB - Book (Non borrowing) |
| Withdrawn status | Item status | Source of classification or shelving scheme | Damaged status | Not for loan | Vendor | Home library | Current library | Shelving location | Date acquired | Source of acquisition | Total Checkouts | Full call number | Barcode | Date last seen | Koha item type | Date last borrowed | Total Renewals |
|---|---|---|---|---|---|---|---|---|---|---|---|---|---|---|---|---|---|
| Dewey Decimal Classification | Baccah | Central Library | Central Library | First floor | 07/03/2010 | 690.21 ZAL | 000020050 | 15/07/2025 | NB - Book (Non borrowing) | ||||||||
| Dewey Decimal Classification | Baccah | Central Library | Central Library | First floor | 07/03/2010 | 2 | 690.21 ZAL | 000020049 | 15/07/2025 | Book - Borrowing | 23/04/2013 | ||||||
| Dewey Decimal Classification | Baccah | Central Library | Central Library | First floor | 17/03/2013 | 1 | 690.21 ZAL | 000028499 | 15/07/2025 | Book - Borrowing | 21/03/2017 | 30 |